[Event "Mittelfranken-chTB2b 1213"]
[Site "Germany"]
[Date "2013.01.27"]
[Round "1.1"]
[White "Sattler, Stefan"]
[Black "Stephan, Eberhard"]
[Result "1/2-1/2"]
[WhiteElo "2074"]
[BlackElo "1920"]
[PlyCount "100"]
[EventDate "2012.10.07"]
[EventType "team-tourn"]
[EventRounds "9"]
[EventCountry "GER"]
[SourceTitle "EXT 2019"]
[Source "ChessBase"]
[SourceDate "2018.10.10"]
[SourceVersion "1"]
[SourceVersionDate "2018.10.10"]
[SourceQuality "1"]
[WhiteTeam "Herzogenaurach"]
[BlackTeam "Gunzenhausen/Weissenburg II"]
[WhiteTeamCountry "GER"]
[BlackTeamCountry "GER"]

1. e4 c6 2. d4 d5 3. f3 g6 4. c3 Bg7 5. Bf4 Qb6 6. Qd2 h5 7. Ne2 Na6 8. Nc1 Bd7 9. a4 c5 10. dxc5 Nxc5 11. a5 Qf6 12. Bg5 Qe5 13. Qxd5 0-0-0 14. Qxe5 Bxe5 15. Be3 b6 16. Nd3 Nxd3+ 17. Bxd3 Kb7 18. axb6 axb6 19. Nd2 Nf6 20. Bxb6 Ra8 21. Rxa8 Rxa8 22. Ke2 Ra2 23. Rb1 Bxh2 24. Bd4 e5 25. Bc5 Be6 26. Ba3 h4 27. Bc4 Bxc4+ 28. Nxc4 Nh5 29. Nd6+ Kc6 30. Nxf7 Nf4+ 31. Kf1 Nd3 32. Ng5 Kb5 33. Nh3 Kc4 34. Ke2 Bg3 35. Kd2 g5 36. Ke2 Bf4 37. Nf2 Nc1+ 38. Kd1 Nb3 39. Kc2 Na1+ 40. Kd1 Nb3 41. Ke2 Nc1+ 42. Ke1 Nb3 43. Rd1 Na1 44. Kf1 Nc2 45. Ng4 Nxa3 46. bxa3 Rxa3 47. Nf6 Rxc3 48. Nd5 Rc1 49. Rxc1+ Bxc1 50. Ke2 Kd4 1/2-1/2

[Event "Mittelfranken-chTB2b 1213"]
[Site "Germany"]
[Date "2012.11.18"]
[Round "3.1"]
[White "Heimrath, Wolfgang"]
[Black "Stephan, Eberhard"]
[Result "1-0"]
[WhiteElo "2064"]
[BlackElo "1920"]
[PlyCount "45"]
[EventDate "2012.10.07"]
[EventType "team-tourn"]
[EventRounds "9"]
[EventCountry "GER"]
[SourceTitle "EXT 2019"]
[Source "ChessBase"]
[SourceDate "2018.10.10"]
[SourceVersion "1"]
[SourceVersionDate "2018.10.10"]
[SourceQuality "1"]
[WhiteTeam "Fuerth SG"]
[BlackTeam "Gunzenhausen/Weissenburg II"]
[WhiteTeamCountry "GER"]
[BlackTeamCountry "GER"]

1. e4 c6 2. d4 d5 3. e5 Bf5 4. Nc3 h5 5. Bd3 Bxd3 6. Qxd3 e6 7. Nf3 Ne7 8. Bg5 Qb6 9. 0-0 Nf5 10. a4 Na6 11. Rfd1 c5 12. Nxd5 Qc6 13. Ne3 Nb4 14. d5 Nxd3 15. dxc6 Nxe3 16. Rxd3 Nd5 17. cxb7 Rb8 18. c4 f6 19. cxd5 fxg5 20. d6 Rxb7 21. Nxg5 Rh6 22. Rc1 Rg6 23. h4 1-0

[Event "Mittelfranken-chTB2b 0809"]
[Site "Mittelfranken"]
[Date "2009.02.08"]
[Round "6.2"]
[White "Ahlich, Thomas"]
[Black "Stephan, Eberhard"]
[Result "1-0"]
[WhiteElo "1865"]
[BlackElo "1945"]
[PlyCount "31"]
[EventDate "2008.10.12"]
[EventType "team"]
[EventRounds "9"]
[EventCountry "GER"]
[SourceTitle "EXT 2011"]
[Source "ChessBase"]
[SourceDate "2010.11.26"]
[SourceVersion "1"]
[SourceVersionDate "2010.11.26"]
[SourceQuality "1"]
[WhiteTeam "Nuernberg Zabo"]
[BlackTeam "Gunzenhausen/Weissenburg II"]
[WhiteTeamCountry "GER"]
[BlackTeamCountry "GER"]

1. Nf3 g6 2. c4 c5 3. e3 Bg7 4. Be2 e6 5. 0-0 Nf6 6. Nc3 d5 7. d4 cxd4 8. Nxd4 dxc4 9. Ndb5 a6 10. Nd6+ Ke7 11. Nxc4 Qc7 12. b3 b5 13. Ba3+ Ke8 14. Nd6+ Kd8 15. Nxf7+ Ke8 16. Nxh8 1-0

[Event "Mittelfranken-chTB2b 0809"]
[Site "Mittelfranken"]
[Date "2008.10.12"]
[Round "1.1"]
[White "Muenster, Erich"]
[Black "Stephan, Eberhard"]
[Result "1/2-1/2"]
[WhiteElo "2072"]
[BlackElo "1945"]
[PlyCount "29"]
[EventDate "2008.10.12"]
[EventType "team"]
[EventRounds "9"]
[EventCountry "GER"]
[SourceTitle "EXT 2011"]
[Source "ChessBase"]
[SourceDate "2010.11.26"]
[SourceVersion "1"]
[SourceVersionDate "2010.11.26"]
[SourceQuality "1"]
[WhiteTeam "Heilsbronn"]
[BlackTeam "Gunzenhausen/Weissenburg II"]
[WhiteTeamCountry "GER"]
[BlackTeamCountry "GER"]

1. e4 c6 2. d4 d5 3. exd5 cxd5 4. c4 Nf6 5. Nf3 Nc6 6. Nc3 e6 7. Qb3 dxc4 8. Bxc4 Be7 9. 0-0 0-0 10. Qd1 b6 11. Bf4 Bb7 12. Rc1 Rc8 13. Bb3 Nb4 14. Ne5 Nbd5 15. Bg3 1/2-1/2

[Event "Mittelfrankenliga-B2b 0506"]
[Site "Germany"]
[Date "2006.02.12"]
[Round "6.2"]
[White "Greul, Hans"]
[Black "Stephan, Eberhard"]
[Result "1-0"]
[WhiteElo "2029"]
[BlackElo "1980"]
[PlyCount "73"]
[EventDate "2005.10.16"]
[EventType "team"]
[EventRounds "9"]
[EventCountry "GER"]
[SourceTitle "EXT 2007"]
[Source "ChessBase"]
[SourceDate "2006.11.23"]
[SourceVersion "1"]
[SourceVersionDate "2006.11.23"]
[SourceQuality "1"]

1. d4 Nf6 2. Nf3 g6 3. e3 Bg7 4. Be2 b6 5. 0-0 Bb7 6. c4 0-0 7. Nc3 d6 8. Qc2 Nc6 9. Rd1 a5 10. Bd2 Qd7 11. Rac1 Rac8 12. Be1 Rfd8 13. c5 Nb4 14. Qb1 Nbd5 15. Nxd5 Bxd5 16. b4 axb4 17. cxb6 cxb6 18. Bxb4 Qa4 19. a3 Be4 20. Qb2 Nd5 21. Be1 Rc5 22. Qa2 Rc2 23. Rxc2 Bxc2 24. Rc1 Bb3 25. Qb2 Nf6 26. Nd2 Bd5 27. Qxb6 Qa8 28. f3 Rb8 29. Qc7 Be6 30. Qc3 Rc8 31. Qb2 Rb8 32. Qa1 Nd5 33. Bf2 Qa5 34. Ne4 Rb3 35. Ng5 Qd2 36. Bc4 Rb2 37. Ne4 1-0

[Event "Mittelfrankenliga-B2b 0506"]
[Site "Germany"]
[Date "2005.12.04"]
[Round "3.2"]
[White "Stephan, Eberhard"]
[Black "Lutz, Thomas"]
[Result "1-0"]
[WhiteElo "1980"]
[BlackElo "1975"]
[PlyCount "91"]
[EventDate "2005.10.16"]
[EventType "team"]
[EventRounds "9"]
[EventCountry "GER"]
[SourceTitle "EXT 2007"]
[Source "ChessBase"]
[SourceDate "2006.11.23"]
[SourceVersion "1"]
[SourceVersionDate "2006.11.23"]
[SourceQuality "1"]

1. d4 Nf6 2. c4 e6 3. Nc3 Bb4 4. f3 c5 5. d5 exd5 6. cxd5 d6 7. Bd2 0-0 8. e4 a6 9. a4 Re8 10. Nge2 Nbd7 11. Ng3 h5 12. Be2 h4 13. Nf5 Ne5 14. Ne3 Rb8 15. 0-0 Ng6 16. g3 hxg3 17. hxg3 Nh5 18. Qe1 Bxc3 19. bxc3 Bh3 20. Ng2 Nf6 21. a5 Qe7 22. Rf2 Bxg2 23. Rxg2 Qd7 24. Rb1 Qc7 25. c4 b6 26. axb6 Rxb6 27. Rxb6 Qxb6 28. Ba5 Qb3 29. Bc7 Ne5 30. Qf1 a5 31. Bxd6 Ned7 32. Rh2 Qe3+ 33. Qf2 Qc1+ 34. Kg2 a4 35. g4 g5 36. Bxc5 Nxc5 37. Qxc5 Qb2 38. Qe3 Qe5 39. Rh1 Ra8 40. Qa3 Kg7 41. Qa1 Qf4 42. c5 Qe3 43. Bb5 Qxc5 44. Bc6 Qc2+ 45. Kg3 Rb8 46. Qe5 1-0

[Event "Regionalliga NO 0304"]
[Site "Bayern"]
[Date "2003.12.14"]
[Round "4.6"]
[White "Palamar, Mujo"]
[Black "Stephan, Eberhard"]
[Result "0-1"]
[WhiteElo "1782"]
[BlackElo "1960"]
[PlyCount "94"]
[EventDate "2003.10.??"]
[EventType "team-tourn"]
[EventRounds "9"]
[EventCountry "GER"]
[SourceTitle "EXT 2006"]
[Source "ChessBase"]
[SourceDate "2005.11.24"]
[SourceVersion "1"]
[SourceVersionDate "2005.11.24"]
[SourceQuality "1"]
[WhiteTeam "Regensburg Bavaria"]
[BlackTeam "Gunzenhausen"]
[WhiteTeamCountry "GER"]
[BlackTeamCountry "GER"]

1. d4 Nf6 2. c4 c5 3. e3 g6 4. Nf3 Bg7 5. g3 0-0 6. Bg2 d6 7. Nc3 Nbd7 8. 0-0 cxd4 9. exd4 Nb6 10. Qe2 Bg4 11. h3 Be6 12. d5 Bd7 13. Be3 Na4 14. Bd4 Nxc3 15. bxc3 b6 16. g4 Rc8 17. Nd2 h5 18. g5 Nh7 19. f4 Bf5 20. Rae1 Re8 21. Kh2 Qd7 22. Nf3 e5 23. fxe5 dxe5 24. Be3 Qc7 25. Nd2 e4+ 26. Kh1 Qg3 27. Bf4 Qxc3 28. Qe3 Bd4 29. Qe2 e3 30. Nb1 Qxc4 31. Qxc4 Rxc4 32. Na3 Ra4 33. Nb5 Bd3 34. Nc7 Rc8 35. d6 Bxf1 36. Bxf1 Bc5 37. d7 Rd8 38. Be5 Re4 39. Bh2 Rxd7 40. Bb5 Rd2 41. Bc6 Rc4 42. Nd5 e2 43. Bb5 Rd1 44. Bxc4 Rxe1+ 45. Kg2 Rg1+ 46. Bxg1 e1Q 47. Bxc5 bxc5 0-1

[Event "Regionalliga NO 0304"]
[Site "Bayern"]
[Date "2003.11.02"]
[Round "2.6"]
[White "Stephan, Eberhard"]
[Black "Erlbeck, Peter"]
[Result "0-1"]
[WhiteElo "1960"]
[BlackElo "2049"]
[PlyCount "64"]
[EventDate "2003.10.??"]
[EventType "team-tourn"]
[EventRounds "9"]
[EventCountry "GER"]
[SourceTitle "EXT 2006"]
[Source "ChessBase"]
[SourceDate "2005.11.24"]
[SourceVersion "1"]
[SourceVersionDate "2005.11.24"]
[SourceQuality "1"]
[WhiteTeam "Gunzenhausen"]
[BlackTeam "Nuernberg Sued SW"]
[WhiteTeamCountry "GER"]
[BlackTeamCountry "GER"]

1. d4 f5 2. e4 fxe4 3. Nc3 Nf6 4. Bg5 Nc6 5. f3 e3 6. Bxe3 e5 7. dxe5 Nxe5 8. Qd2 Bb4 9. 0-0-0 0-0 10. a3 Ba5 11. g4 c6 12. Bd4 Nf7 13. b4 Bb6 14. Nge2 d5 15. Ng3 a5 16. Nh5 Nxh5 17. gxh5 Bxd4 18. Qxd4 Qg5+ 19. f4 Qxh5 20. Rg1 Qh6 21. Kb2 axb4 22. axb4 Nd6 23. Bd3 Qf6 24. Qe5 Bf5 25. Kb3 Rae8 26. Qxf6 Rxf6 27. b5 Bxd3 28. Rxd3 Rxf4 29. Ra1 Rh4 30. Ra7 d4 31. bxc6 bxc6 32. Ra4 c5 0-1

[Event "Regionalliga NO 0203"]
[Site "Bayern"]
[Date "2003.03.30"]
[Round "9.4"]
[White "Fischer, Erich"]
[Black "Stephan, Eberhard"]
[Result "1-0"]
[WhiteElo "2066"]
[BlackElo "2030"]
[PlyCount "73"]
[EventDate "2002.10.20"]
[EventType "team-tourn"]
[EventRounds "9"]
[EventCountry "GER"]
[SourceTitle "EXT 2004"]
[Source "ChessBase"]
[SourceDate "2003.11.25"]
[SourceVersion "1"]
[SourceVersionDate "2003.11.25"]
[SourceQuality "1"]
[WhiteTeam "Postbauer Heng"]
[BlackTeam "Gunzenhausen"]
[WhiteTeamCountry "GER"]
[BlackTeamCountry "GER"]

1. d4 Nf6 2. Nf3 d5 3. Bg5 e6 4. Nbd2 Be7 5. e3 0-0 6. Bd3 b6 7. 0-0 Bb7 8. Rc1 Ne4 9. Bxe7 Qxe7 10. c4 Nxd2 11. Qxd2 c6 12. Rfe1 dxc4 13. Rxc4 Rd8 14. Qc2 g6 15. Rc1 Na6 16. Be4 c5 17. dxc5 Bxe4 18. Rxe4 Nxc5 19. Rc4 Nd3 20. Rb1 Qf6 21. Rd4 Ne5 22. Rxd8+ Rxd8 23. Nd4 Rd5 24. b4 Ng4 25. h3 Nh6 26. Qc7 Rg5 27. Rd1 e5 28. Ne6 Qxe6 29. Qd8+ Kg7 30. Qxg5 f6 31. Qh4 Qxa2 32. Qe4 Nf5 33. Qb7+ Kh6 34. Rd7 Kg5 35. Rxh7 Nh4 36. Qe4 f5 37. Qxh4# 1-0

[Event "Regionalliga NO 0203"]
[Site "Bayern"]
[Date "2003.02.09"]
[Round "6.4"]
[White "Stephan, Eberhard"]
[Black "Meulner, Klaus"]
[Result "0-1"]
[WhiteElo "2030"]
[BlackElo "2168"]
[PlyCount "82"]
[EventDate "2002.10.20"]
[EventType "team-tourn"]
[EventRounds "9"]
[EventCountry "GER"]
[SourceTitle "EXT 2004"]
[Source "ChessBase"]
[SourceDate "2003.11.25"]
[SourceVersion "1"]
[SourceVersionDate "2003.11.25"]
[SourceQuality "1"]
[WhiteTeam "Gunzenhausen"]
[BlackTeam "Altensittenbach"]
[WhiteTeamCountry "GER"]
[BlackTeamCountry "GER"]

1. d4 d5 2. c4 c6 3. cxd5 cxd5 4. Nf3 Nc6 5. Nc3 Nf6 6. Bf4 a6 7. a3 Bf5 8. e3 e6 9. Bd3 Bxd3 10. Qxd3 Be7 11. 0-0 0-0 12. b4 b5 13. Nd2 Bd6 14. Bxd6 Qxd6 15. f3 e5 16. Nb3 Rfe8 17. Rac1 Re7 18. Ne2 exd4 19. Nexd4 Nxd4 20. Nxd4 Qe5 21. Rfe1 Rc7 22. Rc3 Rac8 23. Rec1 Rc4 24. Ne2 g6 25. Rxc4 dxc4 26. Qc3 Qxc3 27. Nxc3 Rd8 28. Rd1 Rxd1+ 29. Nxd1 Nd5 30. Nb2 Nxe3 31. Kf2 Nd5 32. g3 g5 33. Ke2 Kg7 34. Nd1 f5 35. Kd2 Kf6 36. Nf2 Ke5 37. Nh3 h6 38. Ng1 h5 39. Ne2 g4 40. f4+ Ke4 41. Ng1 c3+ 0-1

[Event "Regionalliga NO 0203"]
[Site "Bayern"]
[Date "2002.12.15"]
[Round "3.5"]
[White "Stephan, Eberhard"]
[Black "Gerl, Hans Peter"]
[Result "1-0"]
[WhiteElo "2030"]
[BlackElo "1985"]
[PlyCount "83"]
[EventDate "2002.10.20"]
[EventType "team-tourn"]
[EventRounds "9"]
[EventCountry "GER"]
[SourceTitle "EXT 2004"]
[Source "ChessBase"]
[SourceDate "2003.11.25"]
[SourceVersion "1"]
[SourceVersionDate "2003.11.25"]
[SourceQuality "1"]
[WhiteTeam "Gunzenhausen"]
[BlackTeam "Zirndorf II"]
[WhiteTeamCountry "GER"]
[BlackTeamCountry "GER"]

1. d4 Nf6 2. c4 e6 3. Nc3 Bb4 4. f3 d5 5. a3 Bxc3+ 6. bxc3 c5 7. cxd5 Nxd5 8. Qd2 0-0 9. e4 Ne7 10. Bb2 b6 11. Bd3 Ba6 12. Ne2 Bxd3 13. Qxd3 Nbc6 14. Rd1 Na5 15. 0-0 Rc8 16. Ng3 cxd4 17. cxd4 Nc4 18. Bc1 b5 19. f4 f5 20. Rfe1 g6 21. Nf1 Rf7 22. Nd2 Qb6 23. Nb3 Nc6 24. Kh1 Rd8 25. exf5 exf5 26. Re6 Re7 27. Qe2 Rde8 28. d5 Rxe6 29. dxe6 a5 30. g4 fxg4 31. Qxg4 a4 32. Rd7 axb3 33. Qh4 h5 34. Qf6 Ne7 35. Qf7+ Kh8 36. Qxe8+ Ng8 37. Qxg6 Qc6+ 38. Kg1 Qc5+ 39. Kg2 Ne7 40. Qe8+ Ng8 41. Qg6 Ne7 42. Rd8+ 1-0

[Event "Regionalliga NO 0203"]
[Site "Bayern"]
[Date "2002.10.20"]
[Round "1.5"]
[White "Schneider, Roland"]
[Black "Stephan, Eberhard"]
[Result "1-0"]
[WhiteElo "2058"]
[BlackElo "2030"]
[PlyCount "75"]
[EventDate "2002.10.20"]
[EventType "team-tourn"]
[EventRounds "9"]
[EventCountry "GER"]
[SourceTitle "EXT 2004"]
[Source "ChessBase"]
[SourceDate "2003.11.25"]
[SourceVersion "1"]
[SourceVersionDate "2003.11.25"]
[SourceQuality "1"]
[WhiteTeam "Regensburg Eulenspiegel"]
[BlackTeam "Gunzenhausen"]
[WhiteTeamCountry "GER"]
[BlackTeamCountry "GER"]

1. e4 c6 2. d4 d5 3. e5 Bf5 4. Nc3 e6 5. g4 Bg6 6. Nge2 c5 7. Be3 Nc6 8. dxc5 Nxe5 9. Nd4 Rc8 10. Bb5+ Nc6 11. Qe2 Be7 12. 0-0-0 Nf6 13. f4 0-0 14. Bxc6 bxc6 15. f5 exf5 16. Nxf5 Bxf5 17. gxf5 Re8 18. Qg2 Kh8 19. Bd4 Rg8 20. Rd3 Ne8 21. Rh3 Bf6 22. Qg4 g6 23. Rf1 Bxd4 24. Qxd4+ f6 25. fxg6 Rxg6 26. Re1 Rc7 27. Rhe3 Ng7 28. Qf4 Rf7 29. Ne2 Qf8 30. Qb4 f5 31. Nf4 Rg4 32. h3 Rg5 33. Qd4 Kg8 34. c4 dxc4 35. Qxc4 h5 36. Re7 Rg3 37. Rxa7 Rf3 38. Ng6 1-0

[Event "Regionalliga NO 0102"]
[Site "Bayern"]
[Date "2002.04.28"]
[Round "9.3"]
[White "Kordts, Wolfgang"]
[Black "Stephan, Eberhard"]
[Result "1/2-1/2"]
[WhiteElo "2130"]
[BlackElo "2045"]
[PlyCount "22"]
[EventDate "2001.10.07"]
[EventType "team-tourn"]
[EventRounds "9"]
[EventCountry "GER"]
[SourceTitle "EXT 2003"]
[Source "ChessBase"]
[SourceDate "2002.11.25"]
[SourceVersion "1"]
[SourceVersionDate "2002.11.25"]
[SourceQuality "1"]
[WhiteTeam "Postbauer Heng"]
[BlackTeam "Gunzenhausen"]
[WhiteTeamCountry "GER"]
[BlackTeamCountry "GER"]

1. d4 Nf6 2. c4 d6 3. Nc3 g6 4. e4 Bg7 5. Nf3 0-0 6. Be2 Nc6 7. d5 Nb8 8. h3 a5 9. 0-0 Na6 10. Qc2 b6 11. Be3 Bb7 1/2-1/2

[Event "Regionalliga NO 0102"]
[Site "Bayern"]
[Date "2001.11.11"]
[Round "2.5"]
[White "Stephan, Eberhard"]
[Black "Heumann, Joern"]
[Result "1/2-1/2"]
[WhiteElo "2045"]
[BlackElo "2090"]
[PlyCount "113"]
[EventDate "2001.10.07"]
[EventType "team-tourn"]
[EventRounds "9"]
[EventCountry "GER"]
[SourceTitle "EXT 2003"]
[Source "ChessBase"]
[SourceDate "2002.11.25"]
[SourceVersion "1"]
[SourceVersionDate "2002.11.25"]
[SourceQuality "1"]
[WhiteTeam "Gunzenhausen"]
[BlackTeam "Regensburg II"]
[WhiteTeamCountry "GER"]
[BlackTeamCountry "GER"]

1. d4 Nf6 2. c4 e6 3. Nc3 Bb4 4. f3 c5 5. d5 exd5 6. cxd5 d6 7. e4 0-0 8. Nge2 Nh5 9. Be3 f5 10. a3 Ba5 11. e5 dxe5 12. Bxc5 Re8 13. g3 Nd7 14. Bf2 e4 15. fxe4 fxe4 16. Bd4 Ne5 17. Bxe5 Rxe5 18. Bg2 Bb6 19. Qb3 Qg5 20. Rd1 Qe3 21. Rf1 Bg4 22. Qc2 Nf6 23. Qd2 Rd8 24. Qxe3 Bxe3 25. h3 Bh5 26. g4 Bf7 27. Ng3 Nxd5 28. Rf5 Rxf5 29. Nxf5 Bg5 30. Nxe4 Re8 31. Kf2 Bf4 32. Ned6 Ne3 33. Nxe3 Bxe3+ 34. Ke2 Re5 35. Nxf7 Kxf7 36. Rf1+ Ke7 37. Kd3 Bg5 38. Rf3 Re1 39. Kc4 Rc1+ 40. Kb3 Rg1 41. Rf2 Bh4 42. Rc2 b6 43. Kc4 Bf6 44. Be4 Rg3 45. Kd5 Rb3 46. Rc7+ Kd8 47. Rxa7 Bxb2 48. a4 Rxh3 49. Rb7 Rh2 50. Rxb6 Rd2+ 51. Kc6 Be5 52. a5 Ra2 53. Rb5 Bc3 54. Kb6 Ra4 55. Rd5+ Ke7 56. Bxh7 Rxg4 57. a6 1/2-1/2

[Event "Regionalliga NO 0102"]
[Site "Bayern"]
[Date "2001.10.07"]
[Round "1.4"]
[White "Schmahl, Stephan"]
[Black "Stephan, Eberhard"]
[Result "1-0"]
[WhiteElo "2105"]
[BlackElo "2045"]
[PlyCount "83"]
[EventDate "2001.10.07"]
[EventType "team-tourn"]
[EventRounds "9"]
[EventCountry "GER"]
[SourceTitle "EXT 2003"]
[Source "ChessBase"]
[SourceDate "2002.11.25"]
[SourceVersion "1"]
[SourceVersionDate "2002.11.25"]
[SourceQuality "1"]
[WhiteTeam "Regensburg Eulenspiegel"]
[BlackTeam "Gunzenhausen"]
[WhiteTeamCountry "GER"]
[BlackTeamCountry "GER"]

1. d4 Nf6 2. c4 c5 3. d5 b5 4. cxb5 a6 5. bxa6 Bxa6 6. g3 d6 7. Bg2 g6 8. b3 Bg7 9. Bb2 Qb6 10. Bc3 0-0 11. Nh3 Nbd7 12. 0-0 Ng4 13. Bxg7 Kxg7 14. a3 Ra7 15. Qc2 Rb8 16. Nd2 Nde5 17. Qc3 Kg8 18. Nf4 Nh6 19. h4 Nf5 20. Rfb1 Bb5 21. Bh3 Bd7 22. Nc4 Nxc4 23. bxc4 Qxb1+ 24. Rxb1 Rxb1+ 25. Kg2 Nd4 26. Bxd7 Rxd7 27. e3 Rb3 28. Qa5 Nc2 29. Qa8+ Kg7 30. h5 Ne1+ 31. Kh3 Nf3 32. h6+ Kf6 33. g4 Ke5 34. Kg3 Ke4 35. Nh3 Rdb7 36. Qg8 Ne5 37. Ng5+ Kd3 38. Nxf7 Nxc4 39. Qxh7 Rxa3 40. Qxg6+ Ke2 41. Qc2+ Nd2 42. h7 1-0

[Event "Regionalliga NO 0001"]
[Site "Bayern"]
[Date "2001.03.11"]
[Round "7"]
[White "Stephan, Eberhard"]
[Black "Muenster, Erich"]
[Result "0-1"]
[WhiteElo "2090"]
[BlackElo "2065"]
[PlyCount "46"]
[EventDate "2000.10.15"]
[EventType "team-tourn"]
[EventRounds "9"]
[EventCountry "GER"]
[SourceTitle "EXT 2020"]
[Source "ChessBase"]
[SourceDate "2019.10.17"]
[SourceVersion "1"]
[SourceVersionDate "2019.10.17"]
[SourceQuality "1"]
[WhiteTeam "Gunzenhausen"]
[BlackTeam "Cham"]
[WhiteTeamCountry "GER"]
[BlackTeamCountry "GER"]

1. d4 d5 2. c4 Nc6 3. Bf4 e5 4. dxe5 Bb4+ 5. Nd2 dxc4 6. Rc1 Be6 7. e3 Qd5 8. Ngf3 b5 9. a3 Ba5 10. b4 cxb3 11. Rxc6 Qxc6 12. Nd4 Qc3 13. Bxb5+ Kf8 14. Nxe6+ fxe6 15. 0-0 Qxd2 16. Qf3 Qd5 17. e4 Qxb5 18. Bh6+ Ke8 19. Bxg7 Kd7 20. Bxh8 Kc6 21. Qf7 Qc4 22. Bf6 b2 23. Rd1 Bd2 0-1

[Event "Regionalliga NO 0001"]
[Site "Bayern"]
[Date "2001.02.18"]
[Round "6.5"]
[White "Bartha, Sandor"]
[Black "Stephan, Eberhard"]
[Result "1-0"]
[WhiteElo "2185"]
[BlackElo "2090"]
[PlyCount "111"]
[EventDate "2000.10.15"]
[EventType "team-tourn"]
[EventRounds "9"]
[EventCountry "GER"]
[SourceTitle "EXT 2020"]
[Source "ChessBase"]
[SourceDate "2019.10.17"]
[SourceVersion "1"]
[SourceVersionDate "2019.10.17"]
[SourceQuality "1"]
[WhiteTeam "Koetzting"]
[BlackTeam "Gunzenhausen"]
[WhiteTeamCountry "GER"]
[BlackTeamCountry "GER"]

1. d4 Nf6 2. Nf3 e6 3. Bg5 Be7 4. Nbd2 d5 5. e3 0-0 6. Bd3 Nbd7 7. 0-0 c5 8. c3 a6 9. Qb1 h6 10. Bh4 Nh5 11. Bxe7 Qxe7 12. Ne5 c4 13. Bc2 Nhf6 14. f4 Nxe5 15. fxe5 Ng4 16. Qe1 Qg5 17. Rf3 h5 18. Rg3 h4 19. Rh3 f6 20. Qxh4 Qxh4 21. Rxh4 Nxe3 22. Bh7+ Kf7 23. Re1 Nf5 24. Bxf5 exf5 25. exf6 Kxf6 26. Nf3 Be6 27. Ne5 Rh8 28. Rxh8 Rxh8 29. g3 g5 30. Rf1 Re8 31. Kg2 Rh8 32. Rf2 Re8 33. Re2 Re7 34. Nf3 Re8 35. Kf2 Re7 36. Re5 Rg7 37. Ke3 Rg8 38. Kf2 Rg7 39. h4 gxh4 40. Nxh4 Rg4 41. Kf3 Bd7 42. Ng2 Re4 43. Rxe4 fxe4+ 44. Kf4 Be6 45. Ne3 Kf7 46. Ke5 Ke7 47. g4 Bf7 48. Nf5+ Kf8 49. Kf6 Bg8 50. g5 Bf7 51. g6 Bg8 52. Nd6 Be6 53. g7+ Kg8 54. Kxe6 e3 55. Nf5 e2 56. Kf6 1-0

[Event "Regionalliga NO 0001"]
[Site "Bayern"]
[Date "2001.01.28"]
[Round "5.5"]
[White "Stephan, Eberhard"]
[Black "Paskuy, Werner"]
[Result "1-0"]
[WhiteElo "2085"]
[BlackElo "1960"]
[PlyCount "63"]
[EventDate "2000.10.15"]
[EventType "team-tourn"]
[EventRounds "9"]
[EventCountry "GER"]
[SourceTitle "EXT 2020"]
[Source "ChessBase"]
[SourceDate "2019.10.17"]
[SourceVersion "1"]
[SourceVersionDate "2019.10.17"]
[SourceQuality "1"]
[WhiteTeam "Gunzenhausen"]
[BlackTeam "Regensburg Bavaria"]
[WhiteTeamCountry "GER"]
[BlackTeamCountry "GER"]

1. d4 Nf6 2. c4 g6 3. Nc3 Bg7 4. e4 d6 5. f3 0-0 6. Be3 e5 7. Nge2 Na6 8. Qd2 c6 9. 0-0-0 Be6 10. Ng3 Qa5 11. d5 cxd5 12. cxd5 Bd7 13. Kb1 Rfc8 14. Rc1 b5 15. h4 b4 16. Nce2 Nc5 17. h5 Bb5 18. Ng1 Bxf1 19. Rxf1 Qa6 20. hxg6 fxg6 21. N1e2 Qb5 22. Rc1 a5 23. Bxc5 dxc5 24. f4 exf4 25. Nxf4 c4 26. Ne6 Bh8 27. Nf5 gxf5 28. Qg5+ Kf7 29. Qxf5 Kg8 30. Rh3 Ra7 31. Rg3+ Rg7 32. Nxg7 1-0

[Event "Mittelfranken-ch HT 50th"]
[Site "Buechenbach"]
[Date "2001.??.??"]
[Round "8"]
[White "Stephan, Eberhard"]
[Black "Kaiser, Harald"]
[Result "1-0"]
[WhiteElo "2148"]
[BlackElo "1940"]
[PlyCount "80"]
[EventDate "2001.04.10"]
[EventType "swiss"]
[EventRounds "9"]
[EventCountry "GER"]
[SourceTitle "EXT 2011"]
[Source "ChessBase"]
[SourceDate "2010.11.26"]
[SourceVersion "1"]
[SourceVersionDate "2010.11.26"]
[SourceQuality "1"]

1. d4 Nf6 2. c4 c5 3. d5 b5 4. cxb5 a6 5. Nc3 axb5 6. e4 b4 7. Nb5 d6 8. Bf4 Nxe4 9. Qe2 g5 10. Bg3 Bf5 11. f3 Nxg3 12. hxg3 Bg7 13. Nh3 h6 14. g4 Bg6 15. g3 Qb6 16. f4 f6 17. Rh2 Bf7 18. Qe4 Ra5 19. Re2 Bf8 20. Qf5 Rxb5 21. fxg5 hxg5 22. Nxg5 Bxd5 23. Qxf6 Rh6 24. Qf5 Qc6 25. Rd1 c4 26. Rxd5 Rxd5 27. Qf7+ Kd7 28. Qxf8 Rd1+ 29. Kxd1 Qd5+ 30. Rd2 Qxg5 31. Qxb8 Qxg4+ 32. Kc1 Qxg3 33. Qb5+ Kd8 34. Qxc4 Rh1 35. Qe2 Qg1 36. Rd1 Qg5+ 37. Kb1 b3 38. axb3 Qf5+ 39. Ka2 Qa5+ 40. Kb1 Qf5+ 1-0

[Event "Regionalliga NO 9900"]
[Site "Bayern"]
[Date "2000.??.??"]
[Round "4.6"]
[White "Fischer, Franz"]
[Black "Stephan, Eberhard"]
[Result "0-1"]
[WhiteElo "1585"]
[BlackElo "2035"]
[PlyCount "44"]
[EventDate "1999.??.??"]
[EventType "team-tourn"]
[EventRounds "9"]
[EventCountry "GER"]
[SourceTitle "EXT 2020"]
[Source "ChessBase"]
[SourceDate "2019.10.17"]
[SourceVersion "1"]
[SourceVersionDate "2019.10.17"]
[SourceQuality "1"]
[WhiteTeam "Cham"]
[BlackTeam "Gunzenhausen"]
[WhiteTeamCountry "GER"]
[BlackTeamCountry "GER"]

1. e4 c6 2. d4 d5 3. Nc3 dxe4 4. Nxe4 Nf6 5. Ng3 h5 6. h4 Bg4 7. Nf3 Bxf3 8. gxf3 e6 9. Bg5 Be7 10. Qd2 Qb6 11. 0-0-0 Na6 12. Ne4 0-0-0 13. Bxf6 Bxf6 14. Nxf6 gxf6 15. Bxa6 Qxa6 16. a3 Rd5 17. Rhg1 Rhd8 18. Qf4 Qc4 19. Qxf6 Rf5 20. Qe7 Rxf3 21. Rg3 Rxf2 22. Rc3 Qa2 0-1